Every NBA Player (Current) - Statistics

General Stats
  • This quiz has been taken 356 times
    144 since last reset
  • The average score is 146 of 486
Answer Stats
Hint Answer % Correct
76ers Tyrese Maxey
84%
76ers Joel Embiid
83%
Lakers LeBron James
80%
Bucks Giannis Antetokounmpo
79%
Thunder Shai Gilgeous-Alexander
79%
Timberwolves Anthony Edwards
77%
Warriors Stephen Curry
77%
Lakers Luka Dončić
75%
76ers Paul George
75%
Cavs James Harden
74%
76ers Justin Edwards
74%
Nuggets Nikola Jokić
74%
Lakers Bronny James
73%
Celtics Jayson Tatum
73%
Warriors Seth Curry
73%
Hornets LaMelo Ball
72%
Celtics Jaylen Brown
71%
Hornets Sion James
71%
Spurs Victor Wembanyama
71%
Wizards Trae Young
70%
Warriors Draymond Green
69%
Wizards Anthony Davis
68%
Suns Jalen Green
68%
Mavs Cooper Flagg
67%
Cavs Donovan Mitchell
67%
Pistons Jalen Duren
67%
Jazz Keyonte George
67%
Bucks AJ Green
66%
Knicks Jalen Brunson
66%
Grizzlies Ja Morant
66%
Rockets Jeff Green
66%
Hornets Josh Green
66%
Knicks Karl-Anthony Towns
66%
Nuggets Bruce Brown
65%
Suns Devin Booker
65%
Thunder Jalen Williams
65%
Pistons Javonte Green
65%
Magic Paolo Banchero
65%
Pistons Cade Cunningham
64%
Pacers Kobe Brown
64%
Wizards KyShawn George
64%
Bulls Patrick Williams
64%
Raptors Trayce Jackson-Davis
64%
Thunder Ajay Mitchell
63%
Heat Davion Mitchell
63%
Hornets Grant Williams
63%
Thunder Jaylin Williams
63%
Suns Mark Williams
63%
Trailblazers Robert Williams III
63%
Pacers Tyrese Haliburton
63%
Celtics Amari Williams
62%
Mavs Brandon Williams
62%
Jazz Cody Williams
62%
Nuggets Jamal Murray
62%
Thunder Kenrich Williams
62%
Jazz Vince Williams Jr.
62%
Nets Ziaire Williams
62%
Nuggets Cameron Johnson
61%
Hawks Jalen Johnson
61%
Clippers Kawhi Leonard
61%
Wizards Tre Johnson
61%
Rockets Amen Thompson
60%
Heat Jahmir Young
60%
76ers VJ Edgecomb
60%
Spurs Keldon Johnson
59%
Heat Keshad Johnson
59%
Timberwolves Rudy Gobert
59%
Raptors Scottie Barnes
59%
Pistons Ausar Thompson
58%
Heat Bam Adebayo
58%
Hornets Coby White
58%
Pelicans Dejounte Murray
58%
Celtics Derrick White
58%
Thunder Jared McCain
58%
Mavs Klay Thompson
58%
Hornets Miles Bridges
58%
Jazz Jaren Jackson Jr.
57%
Kings Keegan Murray
57%
Trailblazers Kris Murray
57%
Knicks Mikal Bridges
57%
Thunder Chet Holmgren
55%
Spurs Harrison Barnes
55%
Nets Michael Porter Jr.
55%
Pelicans Zion Williamson
55%
Spurs De’Aaron Fox
54%
Cavs Evan Mobley
54%
Lakers Austin Reaves
53%
Bucks Kevin Porter Jr.
53%
Cavs Craig Porter Jr.
52%
Heat Tyler Herro
52%
Knicks Josh Hart
51%
Bucks Andre Jackson Jr.
50%
Pistons Duncan Robinson
50%
Grizzlies GG Jackson
50%
Clippers Isaiah Jackson
50%
Rockets Kevin Durant
50%
Warriors Kristaps Porziņġis
50%
Pacers Pascal Siakam
50%
Pacers Quenton Jackson
50%
Rockets Alperen Sengun
49%
Trailblazers Damian Lillard
49%
Hornets Kon Knueppel
49%
Mavs Kyrie Irving
49%
Hawks Nickeil Alexander-Walker
49%
Spurs Stephon Castle
49%
Suns Dillon Brooks
48%
Magic Franz Wagner
48%
76ers Kelly Oubre Jr.
48%
Magic Anthony Black
47%
Warriors Brandin Podziemski
47%
Spurs Dylan Harper
47%
Rockets Jabari Smith Jr.
47%
Warriors Jimmy Butler III
47%
Bulls Josh Giddey
47%
Timberwolves Julius Randle
47%
Knicks Mitchell Robinson
47%
Magic Moritz Wagner
47%
Magic Orlando Robinson
47%
Hornets Antonio Reeves
46%
Cavs Jarrett Allen
46%
Bucks Myles Turner
46%
Celtics Ron Harper Jr.
46%
Kings Russell Westbrook
46%
Trailblazers Jrue Holiday
45%
Lakers Deandre Ayton
44%
Clippers Derrick Jones Jr.
44%
Magic Desmond Bane
44%
Rockets Dorian Finney-Smith
44%
Suns Grayson Allen
44%
Bulls Jalen Smith
44%
Lakers Nick Smith Jr.
44%
Mavs Tyus Jones
44%
Clippers Darius Garland
43%
Kings Domantas Sabonis
43%
Magic Jalen Suggs
43%
76ers Kyle Lowry
43%
Jazz Lauri Markkanen
43%
Nuggets Spencer Jones
43%
Pistons Tolu Smith
43%
Bulls Tre Jones
43%
Pelicans Trey Alexander
43%
Nuggets Aaron Gordon
42%
Rockets Aaron Holiday
42%
76ers Andre Drummond
42%
Pacers Andrew Nembhard
42%
Pistons Colby Jones
42%
Nuggets Curtis Jones
42%
Pelicans Herbert Jones
42%
Pacers Kam Jones
42%
Timberwolves Naz Reid
42%
Mavs Ryan Nembhard
42%
Suns Cole Anthony
41%
Kings DeMar DeRozan
41%
Knicks OG Anunoby
41%
Celtics Payton Pritchard
41%
Lakers Rui Hachimura
41%
Trailblazers Deni Avdija
40%
Thunder Isaiah Hartenstein
40%
Bucks Kyle Kuzma
40%
Celtics Nikola Vucevic
40%
Magic Wendell Carter Jr.
40%
Hawks CJ McCollum
39%
Kings Devin Carter
38%
Magic Jevon Carter
38%
Bucks Thanasis Antetokounmpo
38%
Kings Zach LaVine
38%
Bucks Alex Antetokounmpo
37%
Spurs Carter Bryant
37%
Nuggets Christian Braun
37%
76ers Quentin Grimes
37%
Cavs Thomas Bryant
37%
Raptors Brandon Ingram
36%
Hornets Brandon Miller
36%
Celtics Neemias Queta
36%
Raptors RJ Barrett
36%
Bucks Cam Thomas
35%
Bucks Gary Harris
35%
Bulls Leonard Miller
35%
Pistons Tobias Harris
35%
Timberwolves Donte DiVincenzo
34%
Cavs Emanuel Miller
34%
Raptors Gradey Dick
34%
Spurs Harrison Ingram
34%
Pacers Ivica Zubac
34%
Clippers Jordan Miller
34%
Lakers Marcus Smart
34%
76ers Adem Bona
33%
Wizards Alex Sarr
33%
Pelicans DeAndre Jordan
33%
Kings Dennis Schröder
33%
Pacers Jarace Walker
33%
Hawks Jonathan Kuminga
33%
Pelicans Jordan Poole
33%
Nets Nic Claxton
33%
Clippers Brook Lopez
32%
Mavs Dereck Lively II
32%
Raptors Immanuel Quickley
32%
76ers Jabari Walker
32%
Thunder Luguentz Dort
32%
Cavs Max Strus
32%
Rockets Reed Sheppard
32%
Bucks Ryan Rollins
32%
Trailblazers Scoot Henderson
32%
Thunder Alex Caruso
31%
Pacers Ben Sheppard
31%
Spurs Luke Kornet
31%
Hornets Moussa Diabaté
31%
Heat Andrew Wiggins
30%
Cavs Dean Wade
30%
Thunder Isaiah Joe
30%
Bulls Jaden Ivey
30%
Timberwolves Jaden McDaniels
30%
Lakers Luke Kennard
30%
Knicks Miles McBride
30%
Heat Norman Powell
30%
Thunder Aaron Wiggins
29%
Jazz Ace Bailey
29%
Grizzlies Brandon Clarke
29%
Spurs Devin Vassell
29%
Nets Drake Powell
29%
Mavs Dwight Powell
29%
Lakers Jaxson Hayes
29%
Timberwolves Jaylen Clark
29%
Warriors Moses Moody
29%
Pacers T.J. McConnell
29%
Pacers Aaron Nesmith
28%
Bulls Anfernee Simons
27%
Bucks Bobby Portis
27%
Rockets Fred Vanvleet
27%
Nuggets Jonas Valančiūnas
27%
Spurs Julian Champagnie
27%
Wizards Justin Champagnie
27%
Rockets Steven Adams
27%
Knicks Tyler Kolek
27%
Warriors Al Horford
26%
Timberwolves Ayo Dosunmu
26%
Clippers Bennedict Mathurin
26%
Trailblazers Donovan Clingan
26%
Pistons Isaiah Stewart
26%
Pelicans Trey Murphy III
26%
Trailblazers Caleb Love
25%
Thunder Cason Wallace
25%
Mavs Daniel Gafford
25%
Nets Day’Ron Sharpe
25%
Raptors Jakob Poeltl
25%
Knicks Jeremy Sochan
25%
Pistons Paul Reed
25%
Bulls Rob Dillingham
25%
Suns Ryan Dunn
25%
Trailblazers Shaedon Sharpe
25%
Jazz Walker Kessler
25%
Grizzlies Zach Edey
25%
Knicks Jose Alvarado
24%
Clippers Kris Dunn
24%
Celtics Luka Garza
24%
Bulls Matas Buzelis
24%
Nuggets Tim Hardaway Jr.
24%
Clippers Bradley Beal
23%
Bucks Gary Trent Jr.
23%
Warriors Gui Santos
23%
Heat Jaime Jaquez Jr.
23%
Raptors Jamal Shead
23%
Thunder Nikola Topić
23%
Hawks Onyeka Okongwu
23%
Warriors Pat Spencer
23%
Mavs P.J. Washington
23%
Cavs Sam Merrill
23%
Timberwolves Bones Hyland
22%
Bulls Collin Sexton
22%
Pelicans Derik Queen
22%
76ers Dominick Barlow
22%
Nets Egor Dëmin
22%
Warriors Gary Payton II
22%
Lakers Jake LaRavia
22%
Knicks Jordan Clarkson
22%
Knicks Landry Shamet
22%
Celtics Sam Hauser
22%
Grizzlies Cam Spencer
21%
Kings De’Andre Hunter
21%
Hawks Dyson Daniels
21%
Heat Nikola Jović
21%
Pelicans Saddiq Bey
21%
Rockets Tari Eason
21%
Wizards D’Angelo Russell
20%
Nets Danny Wolf
20%
Lakers Jarred Vanderbilt
20%
Pacers Jay Huff
20%
Cavs Keon Ellis
20%
Mavs Max Christie
20%
Kings Maxime Raynaud
20%
Pacers Obi Toppin
20%
Nuggets Peyton Watson
20%
Trailblazers Toumani Camara
20%
Hawks Zaccharie Risacher
20%
Rockets Clint Capela
19%
Pelicans Jeremiah Fears
19%
Heat Kel’el Ware
19%
Kings Malik Monk
19%
Warriors Will Richard
19%
Spurs Bismack Biyombo
18%
Clippers Cam Christie
18%
Suns Collin Gillespie
18%
Hawks Gabe Vincent
18%
Hawks Jacob Toppin
18%
Celtics Jordan Walsh
18%
Pistons Ron Holland II
18%
Timberwolves Terrence Shannon Jr.
18%
Hawks Buddy Hield
17%
Mavs Caleb Martin
17%
Pistons Caris LeVert
17%
Pistons Daniss Jenkins
17%
Celtics Hugo Gonzalez
17%
Nets Hunter Tyson
17%
Jazz Isaiah Collier
17%
Cavs Jaylon Tyson
17%
Clippers John Collins
17%
Magic Jonathan Isaac
17%
Spurs Kelly Olynyk
17%
Pistons Kevin Huerter
17%
Grizzlies Kyle Anderson
17%
Bulls Nick Richards
17%
Warriors Quinten Post
17%
Raptors Alijah Martin
16%
Wizards Bub Carrington
16%
Grizzlies Cedric Coward
16%
Nets Nolan Traore
16%
Nets Tyrese Martin
16%
Bulls Zach Collins
16%
Celtics Baylor Scheierman
15%
Magic Goga Bitadze
15%
Mavs Marvin Bagley
15%
76ers Trendon Watford
15%
Nets Ben Saraf
14%
Clippers Bogdan Bogdanovic
14%
Hawks Corey Kispert
14%
Lakers Dalton Knecht
14%
Trailblazers Jerami Grant
14%
Timberwolves Joe Ingles
14%
76ers Johni Broome
14%
Jazz Jusuf Nurkić
14%
Grizzlies Kentavious Caldwell-Pope
14%
Suns Khaman Maluach
14%
Bucks Ousmane Dieng
14%
Trailblazers Yang Hansen
14%
Wizards Bilal Coulibaly
13%
Raptors Collin Murray-Boyles
13%
Magic Jett Howard
13%
Lakers Maxi Kleber
13%
Mavs Naji Marshall
13%
Heat Pelle Larsson
13%
Nets Terance Mann
13%
Thunder Thomas Sorber
13%
Hornets Tre Mann
13%
Wizards Will Riley
13%
Bulls Yuki Kawamura
13%
76ers Dalen Terry
12%
Bulls Guerschon Yabusele
12%
Bulls Isaac Okoro
12%
Wizards Jaden Hardy
12%
Nets Jalen Wilson
12%
Bucks Jericho Sims
12%
Pacers Johnny Furphy
12%
Suns Royce O’Neale
12%
Hornets Ryan Kalkbrenner
12%
Bucks Taurean Prince
12%
Warriors De’Anthony Melton
11%
Magic Jamal Cain
11%
Raptors Jamison Battle
11%
Magic Jase Richardson
11%
Mavs Miles Kelly
11%
Clippers Nicolas Batum
11%
Knicks Pacôme Dadiet
11%
Grizzlies Walter Clayton Jr.
11%
Clippers Yanic Konan Niederhauser
11%
Knicks Ariel Hukporti
10%
Raptors Ja’Kobe Walter
10%
Grizzlies Jaylen Wells
10%
Nuggets Julian Strawther
10%
Cavs Larry Nance Jr.
10%
Bulls Mac McClung
10%
Bulls Noa Essengue
10%
Bucks Pete Nance
10%
Grizzlies Scotty Pippen Jr.
10%
Magic Tristan da Silva
10%
Nuggets Zeke Nnaji
10%
Lakers Adou Thiero
9%
Jazz Brice Sensabaugh
9%
Grizzlies Jock Landale
9%
Suns Jordan Goodwin
9%
Pelicans Jordan Hawkins
9%
Jazz Kyle Filipowski
9%
Spurs Lindy Waters III
9%
Suns Oso Ighodaro
9%
Hornets Tidjane Salaün
9%
Pacers Tony Bradley
9%
Grizzlies Ty Jerome
9%
Pelicans Yves Missi
9%
76ers Charles Bassey
8%
Thunder Chris Youngblood
8%
Nuggets DaRon Holmes II
8%
Kings Dylan Cardwell
8%
Timberwolves Joan Beringer
8%
Spurs Jordan McLaughlin
8%
Heat Kasparas Jakučionis
8%
Pistons Marcus Sasser
8%
Trailblazers Matisse Thybulle
8%
Celtics Max Shulga
8%
Hawks Mouhamed Gueye
8%
Kings Nique Clifford
8%
Nets Noah Clowney
8%
Hornets Pat Connaughton
8%
Pacers RayJ Dennis
8%
Raptors Sandro Mamukelashvilli
8%
Heat Terry Rozier
8%
Cavs Tyrese Proctor
8%
Hawks Vit Krejčí
8%
Trailblazers Blake Wesley
7%
Thunder Branden Carlson
7%
Raptors Garrett Temple
7%
Celtics Josh Minott
7%
Rockets Josh Okogie
7%
Mavs Moussa Cisse
7%
Heat Simone Fontecchio
7%
Pacers Taelon Peter
7%
Grizzlies Taylor Hendricks
7%
Hornets Xavier Tillman
7%
Hawks Asa Newell
6%
Thunder Brooks Barnhizer
6%
Wizards Cam Whitmore
6%
Pistons Chaz Lanier
6%
Kings Drew Eubanks
6%
Trailblazers Duop Reath
6%
Nets Haywood Highsmith
6%
Nuggets Jalen Pickett
6%
Grizzlies Javon Small
6%
Grizzlies John Konchar
6%
Timberwolves Julian Phillips
6%
Clippers Kobe Sanders
6%
Cavs Nae’Qwan Tomlin
6%
Timberwolves Rocco Zikarsky
6%
Grizzlies Santi Aldama
6%
Jazz Svi Mykhailiuk
6%
Pistons Bobi Klintman
5%
Magic Colin Castleton
5%
Kings Daeqwon Plowden
5%
Kings Doug McDermott
5%
Pelicans Hunter Dickinson
5%
Rockets Jae’Sean Tate
5%
Rockets JD Davison
5%
Raptors Jonathan Mogbo
5%
Bulls Lachlan Olbrich
5%
Hornets Liam McNeeley
5%
Suns Rasheer Fleming
5%
Trailblazers Rayan Rupert
5%
Nets Tyson Etienne
5%
Hornets Drew Peterson
4%
76ers Hunter Sallis
4%
Suns Isaiah Livers
4%
Timberwolves Johnny Juzang
4%
Celtics John Tonje
4%
Pelicans Karlo Matković
4%
Hornets KJ Simpson
4%
Pelicans Micah Peavy
4%
Hawks N’Faly Dante
4%
Raptors Ochai Agbaji
4%
Knicks Trey Jemison III
4%
Raptors Chucky Hepburn
3%
Nets E.J. Liddell
3%
Knicks Kevin McCullar Jr.
3%
Heat Myron Gardner
3%
Grizzlies Olivier-Maxence Prosper
3%
Jazz Oscar Tshiebwe
3%
Pelicans Bryce McGowens
2%
Hawks Caleb Houstan
2%
Lakers Chris Mañon
2%
Suns CJ Huntley
2%
Timberwolves Enrique Freeman
2%
Kings Isaiah Stevens
2%
Suns Koby Brea
2%
Heat Vladislav Goldin
2%
Warriors Jackson Rowe
1%
Trailblazers Javonte Cooke
1%
Nuggets Tamar Bates
1%
Knicks Tosan Evbuomwan
1%
Hawks Eli John Ndiaye
0%
Mavs Khris Middletom
0%
No matching quizzes found
Score Distribution
Percent of People with Each Score
Percentile by Number Answered
Your Score History
You have not taken this quiz since the last reset